000 00860nam a2200217Ii 4500
003 JO-AjNU
008 230605s9999||||xx |||||||||||||| ||und||
017 _a17834/2013
020 _a978-977-473-074-0
040 _aJO-AjNU
_bara
_erda
_cJO-AjNU
041 _aara
050 1 4 _aHC498.9.E5.B395 2014
100 3 _aإعداد بظاظو، إبراهيم خليل إبراهيم,
_eauthor
_951983
245 0 0 _aالإدارة البيئية المثلى في تنمية مواقع السياحة البيئية في الوطن العربي
264 3 1 _aالقاهرة: المنظمة العربية للتنمية الادارية، 2014
300 _a155ص
336 _atext
_btxt
_2rdacontent
337 _aunmediated
_bn
_2rdamedia
338 _avolume
_bnc
_2rdacarrier
650 4 _aالسياحة - البيئة -البلاد العربية
_951984
999 _aA23000
_c26568
_d26568